Gestes techniques de football par images - Statistiques

Statistiques générales
  • Ce quiz a été pris 391 fois
    39 depuis la dernière actualisation
  • Le résultat moyen est 15 sur 20
Statistiques - réponses
Par images Réponse % Correct
Petit pont
100%
Panenka
95%
Reprise de volée
92%
Roulette
92%
Retournée acrobatique
89%
Lob
81%
Madjer
81%
Trivela
78%
Coup du foulard
76%
Grand pont
73%
Passement de jambes
73%
Aile de pigeon
70%
Coup du scorpion
70%
Tacle glissé
68%
Tête plongeante
68%
Coup du sombrero
65%
Passe aveugle
59%
Crochet
57%
Elastico
54%
Cruyff turn
14%
Aucun quiz correspondant
Distribution des résultats
% des personnes avec chaque résultat
Percentile par nombre de réponses
Votre historique - résultats
Vous n’avez pas pris ce quiz depuis la dernière actualisation